Najmniejsze kraje świata A-Z - Statystyki

Ogólne statystyki
  • Ten quiz został rozwiązany 4 025 razy
  • Średni wynik to 10 z 24
Statystyki odpowiedzi
Litera Kraj % Poprawnych
W Watykan
90%
S San Marino
69%
M Monako
66%
Ł Łotwa
65%
L Liechtenstein
62%
O Oman
61%
V Vanuatu
49%
F Fidżi
45%
C Cypr
42%
H Haiti
40%
T Tuvalu
40%
A Antigua i Barbuda
39%
D Dominika
39%
B Barbados
37%
N Nauru
37%
P Palau
36%
U Urugwaj
36%
J Jamajka
35%
E Eswatini
31%
Z Zjednoczone Emiraty Arabskie
30%
K Kiribati
29%
I Izrael
27%
G Grenada
23%
R Republika Zielonego Przylądka
15%
Nie znaleziono quizów pasujących do podanych kryteriów
Rozkład punktacji
Procent ludzi z każdym wynikiem
Percentyl według liczby udzielonych odpowiedzi
Twoja historia wyników
Nie rozwiązałeś tego quizu